The revival of Buddhist monasticism in medieval China /

Bibliographic Details
Main Author: Chen, Huaiyu, 1974-
Format: Book
Language:English
Published: New York : Peter Lang, [2007]
Series:American university studies. Theology and religion. v. 253.
Subjects:
Online Access:Table of contents only

MARC

Tag First Indicator Second Indicator Subfields
LEADER 00000cam a22000004a 4500
001 in00002201892
005 20151104115547.0
008 060417s2007 nyu b 001 0deng
010 |a  2006012705 
020 |a 0820486248 (hardcover : alk. paper) 
020 |a 9780820486246 (hardcover : alk. paper) 
029 1 |a OHX  |b har060067974 
029 1 |a YDXCP  |b 2476151 
035 |a (OCoLC)ocm67392687 
035 |a (OCoLC)67392687 
040 |a DLC  |c DLC  |d BAKER  |d C#P  |d OHX  |d BTCTA  |d YDXCP  |d UtOrBLW 
042 |a pcc 
043 |a a-cc--- 
049 |a TXAM 
050 0 0 |a BQ8789.D367  |b C54 2007 
082 0 0 |a 294.3/657095109021  |2 22 
100 1 |a Chen, Huaiyu,  |d 1974- 
245 1 4 |a The revival of Buddhist monasticism in medieval China /  |c Huaiyu Chen. 
264 1 |a New York :  |b Peter Lang,  |c [2007] 
264 4 |c ©2007 
300 |a viii, 244 pages ;  |c 24 cm. 
336 |a text  |b txt  |2 rdacontent 
337 |a unmediated  |b n  |2 rdamedia 
338 |a volume  |b nc  |2 rdacarrier 
490 1 |a American university studies. Series VII, Theology and religion,  |x 0740-0446 ;  |v v. 253 
504 |a Includes bibliographical references (pages [199]-234) and index. 
600 0 0 |a Daoxuan,  |d 596-667. 
650 0 |a Buddhist monasticism and religious orders  |z China  |x History. 
650 0 |a Buddhism  |z China  |x Rituals  |x History. 
830 0 |a American university studies.  |n Series VII,  |p Theology and religion.  |x 0740-0446 ;  |v v. 253. 
856 4 1 |3 Table of contents only  |u http://www.loc.gov/catdir/toc/ecip0612/2006012705.html  |t 0 
938 |a Baker & Taylor  |b BKTY  |c 71.95  |d 71.95  |i 0820486248  |n 0006804014  |s active 
938 |a Otto Harrassowitz  |b HARR  |n har060067974  |c 85.33 USD 
938 |a Baker and Taylor  |b BTCP  |n 2006012705 
938 |a YBP Library Services  |b YANK  |n 2476151 
945 |a PromptCat  |b 30452 
946 |a stk 
947 |a A14835489309 
948 |a cataloged  |b h  |c 2007/1/5  |d c  |e rdavis  |f 11:54:30 am 
994 |a 92  |b TXA 
999 |a MARS 
999 f f |s f81fccb3-aa4f-3860-8a6e-e6b63f5d9891  |i 2f6f80f7-ae83-3d45-9995-2a661892d50e  |t 0 
952 f f |p ric  |a Texas A&M University  |b Rellis Campus  |c Joint Library Facility  |d Remote Storage  |t 0  |e BQ8789.D367 C54 2007  |h Library of Congress classification  |i unmediated -- volume  |m A14835489309 
998 f f |a BQ8789.D367 C54 2007  |t 0  |l Remote Storage